[Event "Bogota McGregor op 2nd"]
[Site "Bogota"]
[Date "2011.12.07"]
[Round "3"]
[White "Pena Mora, Carlos"]
[Black "Pena, Juan Jose"]
[Result "1-0"]
[WhiteElo "1695"]
[BlackElo "1421"]
[PlyCount "93"]
[EventDate "2011.12.06"]
[EventType "swiss"]
[EventRounds "10"]
[EventCountry "COL"]
[SourceTitle "CBM 145 Extra"]
[Source "ChessBase"]
[SourceDate "2012.01.03"]
[SourceVersion "1"]
[SourceVersionDate "2012.01.03"]
[SourceQuality "1"]

1. c4 e5 2. Nc3 Nc6 3. g3 Bb4 4. Nf3 Bxc3 5. bxc3 d6 6. d4 exd4 7. cxd4 Bf5 8. Bg2 Nb4 9. Qa4+ Nc6 10. d5 Be4 11. 0-0 h6 12. dxc6 Bxc6 13. Qc2 Ne7 14. Bb2 0-0 15. Qc3 f6 16. Nd4 Qd7 17. Nxc6 bxc6 18. e4 Rab8 19. Rad1 Rb7 20. Ba3 Nc8 21. c5 Qe6 22. cxd6 cxd6 23. Qxc6 Rb6 24. Qd5 Qxd5 25. Rxd5 Ra6 26. Rd3 Re8 27. Rc1 h5 28. Rc7 g5 29. Rdc3 Nb6 30. f3 d5 31. Bf1 Ra4 32. Bb5 Rd8 33. Bxa4 Nxa4 34. Rd3 Nb6 35. Bb2 Rd6 36. Rxa7 Nc4 37. Rb3 Nb6 38. Bd4 Nc8 39. Rb8 Rc6 40. Raa8 Rc1+ 41. Kg2 dxe4 42. Rxc8+ Rxc8 43. Rxc8+ Kg7 44. fxe4 Kg6 45. a4 f5 46. Rc6+ Kh7 47. a5 1-0